00265 a2200121 4500001000700000020001800007040001100025100002900036240003300065245002800098300000800126362000900134189140 a85-904077-2-1 cMagnum aChagas, Francisco Vieira10aVale das noites eternaslpor10aVale das noites eternas a3550 a2005